True or False - general knowledge - Statistics

General Stats
  • This quiz has been taken 58 times
  • The average score is 10 of 15
Answer Stats
Question Answer % Correct
M&M stands for Mars and Moordale False
100%
lightening never strikes in the same place twice False
100%
birds are dinosaurs True
100%
there are three capital cities in South Africa True
100%
Goldfish only have a memory-span of 3 seconds False
75%
vaccines cause autism False
75%
The Moon is wider than Australia False
50%
baby koalas are called Joeys False
50%
you can see the great wall of china from space False
50%
coffee is a berry-based beverage True
50%
in Scotland, the Unicorn is their national animal True
50%
when the two numbers on opposite sides of a dice are added together, the result is always 7 True
50%
broccoli is actually a flower True
50%
the black box on a plane is black False
25%
elephants can hear through their feet True
25%
No matching quizzes found
Score Distribution
Percent of People with Each Score
Percentile by Number Answered
Your Score History
You have not taken this quiz